00649nam a2200181 i 450000100060000000300090000600500170001500700030003200800410003510000350007624500830011125000150019426000670020930000220027685200310029899900170032995201210034635556ES-MaACL20230906155143.0t|030213s1947 mx ||||1| spa d1 aBosch García, Carlos.93065610aProblemas diplomáticos del México independiente / cCarlos Bosch García. a[1ª ed.]. aMéxico : bEl Colegio de México, c[1947] (fTalls. Stylo) a334 p. ; c21 cm. aES-MaACLjD-5409 bR.30213 c35556d35556 00104070aATENEOMbATENEOMcSVId2008-01-17eSCl0oD-5409p901037220r2023-02-23 00:00:00w2023-02-23yMONOGRAFIA